यह समय मामूली नहीं / (Record no. 112102)

MARC details
000 -LEADER
fixed length control field 00986nam a22002537a 4500
005 - DATE AND TIME OF LATEST TRANSACTION
control field 20170124102934.0
010 ## - LIBRARY OF CONGRESS CONTROL NUMBER
LC control number A-833337
020 ## - INTERNATIONAL STANDARD BOOK NUMBER
Terms of availability 80.00
International Standard Book Number 8170561205
035 ## - SYSTEM CONTROL NUMBER
System control number A-833337
037 ## - SOURCE OF ACQUISITION
Source of stock number/acquisition Cen Lib/Ret
040 ## - CATALOGING SOURCE
Original cataloging agency DPL
Language of cataloging HN
082 ## - DEWEY DECIMAL CLASSIFICATION NUMBER
Classification number 821
Item number चतुर्वे
100 ## - MAIN ENTRY--PERSONAL NAME
Personal name चतुर्वेदी, नंद
9 (RLIN) 7895
245 ## - TITLE STATEMENT
Title यह समय मामूली नहीं /
Statement of responsibility, etc नंद चतुर्वेदी
246 ## - VARYING FORM OF TITLE
Title proper/short title Yah samay mamuli nahi /
Remainder of title by Nand Chaturvedi
260 ## - PUBLICATION, DISTRIBUTION, ETC. (IMPRINT)
Place of publication, distribution, etc जयपुर
Name of publisher, distributor, etc पंचशील प्रकाशन
Date of publication, distribution, etc 1996
270 ## - ADDRESS
Address फिल्म कालोनी
City जयपुर
Postal code 302003
300 ## - PHYSICAL DESCRIPTION
Extent 104पृ.
Dimensions 19सेमी (सजिल्द)
650 ## - SUBJECT ADDED ENTRY--TOPICAL TERM
Topical term or geographic name as entry element हिंदी साहित्य
9 (RLIN) 45890
650 ## - SUBJECT ADDED ENTRY--TOPICAL TERM
Topical term or geographic name as entry element हिन्दी काव्य
9 (RLIN) 779
650 ## - SUBJECT ADDED ENTRY--TOPICAL TERM
Topical term or geographic name as entry element Hindi Literature
9 (RLIN) 45891
650 ## - SUBJECT ADDED ENTRY--TOPICAL TERM
Topical term or geographic name as entry element Hindi Poetry
9 (RLIN) 45892
942 ## - ADDED ENTRY ELEMENTS (KOHA)
Source of classification or shelving scheme Dewey Decimal Classification
Koha item type Hindi Books
Classification part 821
Call number suffix चतुर्वे
Holdings
Withdrawn status Lost status Damaged status Not for loan Home library Current library Date acquired Source of acquisition Cost, normal purchase price Total Checkouts Full call number Barcode Date last seen Copy number Cost, replacement price Price effective from Koha item type
        Central Library Central Library 07/08/2015 Cen Lib/Ret 80.00   821 चतुर्वे A-833337 07/08/2015 1 80.00 07/08/2015 Hindi Books

© Delhi Public Library
Hit Counter
free hit counter